000 00490nam a2200181Ia 4500
008 100917s9999 xx 000 0 und d
082 _b44224
100 _aगोगटे शकुंतला
245 _aसार्थक
260 _bमनोरमा प्रकाशन
_c1981
300 _a151
365 _b18
520 _aकादंबरी
630 _aसार्थक
650 _aकादंबरी
730 _aसार्थक
942 _cBOOK
999 _c649618
_d649615